| 000 | 00859cam a22002897a 4500 | ||
|---|---|---|---|
| 003 | CHAP | ||
| 005 | 20220329135023.0 | ||
| 008 | 971013s1913 r 00010 d | ||
| 010 | _a29676 | ||
| 011 | _a30648 | ||
| 035 | _a34760 | ||
| 040 | _cCHAP | ||
| 082 |
_a635.952 _bC6 |
||
| 100 | 0 | 0 |
_aCook, Melville Thurston. _927699 |
| 245 | 1 | 4 | _aThe diseases of tropical plants |
| 260 |
_aLondon : _bMacMillan, _c1913 |
||
| 300 |
_a317 p. _b: ilus. |
||
| 590 |
_aBATCH-UPD _b10 _c20130110 _lUCH01 _h1304 |
||
| 590 |
_aBATCH-UPD _b10 _c20130410 _lUCH01 _h0821 |
||
| 590 |
_aBATCH-UPD _b10 _c20130914 _lUCH01 _h1056 |
||
| 590 |
_aCONVERSION _b10 _c20130109 _lUCH01 _h1317 |
||
| 650 | 1 | 4 |
_aFitopatología. _941161 |
| 650 | 1 | 4 |
_aPlantas tropicales _xEnfermedades. _989091 |
| 901 | _aBK | ||
| 942 | _cLIBRO | ||
| 949 |
_a635.952 C6 _bBC _cBPA _d-80323 _eBPA _h24141 _i34760 _mD _si |
||
| 999 |
_c29676 _d29676 |
||